00577 2200181 4500001002100000005001500021035002000036007000300056008004100059020002200100082001000122084001700132100001900149245009200168260006900260300003900329650002700368INLIS00000000000111920250109083029 a0010-0125000002ta250109 g 0 ind  a978-979-1159-78-4 a631.4 a631.4 ACH a0 aAchmad M. Fagi1 aAdagium Ilmu Tanah dan Tanaman dalam Praktek Pertanian Tanaman Pangan /cAchmad M. Fagi aBogor :bPusat Penelitian dan Pengembangan Tanaman Pangan,c2020 a261 hlm, :bilus, ;c15 cm x 21 cm 4aIlmu Tanah dan Tanaman